Historia y psicoanálisis entre ciencia y ficción / (Registro nro. 57847)
[ vista simple ]
| 000 -LEADER | |
|---|---|
| fixed length control field | 00802cam a2200205 4500 |
| 005 - DATE AND TIME OF LATEST TRANSACTION | |
| control field | 20160128164010.0 |
| 008 - FIXED-LENGTH DATA ELEMENTS--GENERAL INFORMATION | |
| fixed length control field | 160111b mx ||||| |||| 00| 0 spa d |
| 020 ## - INTERNATIONAL STANDARD BOOK NUMBER | |
| International Standard Book Number | 9688591440 |
| 050 04 - LIBRARY OF CONGRESS CALL NUMBER | |
| Classification number | D16 |
| Item number | .16 C47 1995 |
| 050 04 - LIBRARY OF CONGRESS CALL NUMBER | |
| Classification number | D16 .16 C47 1995 |
| 100 1# - MAIN ENTRY--PERSONAL NAME | |
| Personal name | Certeau, Michel de |
| 245 10 - TITLE STATEMENT | |
| Title | Historia y psicoanálisis entre ciencia y ficción / |
| Statement of responsibility, etc | Michel de Certeau ; tr. de Alfonso Mendiola. |
| 250 ## - EDITION STATEMENT | |
| Edition statement | 1a ed. |
| 260 ## - PUBLICATION, DISTRIBUTION, ETC. (IMPRINT) | |
| Place of publication, distribution, etc | México : |
| Name of publisher, distributor, etc | Universidad Iberoamericana, Departamento de Historia, |
| -- | Instituto Tecnológico y de Estudios Superiores de Occidente, |
| Date of publication, distribution, etc | 1995 |
| 300 ## - PHYSICAL DESCRIPTION | |
| Extent | 160 p. ; |
| Dimensions | 23 cm. |
| 500 ## - GENERAL NOTE | |
| General note | Nota : Título en francés: Histoire et psychanalyse entre science et fiction. |
| 650 #7 - SUBJECT ADDED ENTRY--TOPICAL TERM | |
| Source of heading or term | LEMB |
| Topical term or geographic name as entry element | Historia |
| General subdivision | Aspectos psicológicos |
| 700 1# - ADDED ENTRY--PERSONAL NAME | |
| Personal name | Mendiola, Alfonso, |
| Relator term | tr. |
| 942 ## - ADDED ENTRY ELEMENTS (KOHA) | |
| Source of classification or shelving scheme | Biblioteca del Cogreso de los Estados Unidos |
| Koha item type | Libro |
| Estado de pérdida | Fuente de clasificación | Estado del daño | No para préstamo | Ubicación permanente | Ubicación actual | Apartado o colección | Fecha de adquisición | Edición | Dependencia de educación superior (DES) | Área del conocimiento | Clasificación | Código de Barras | Date last seen | Número de copia | Tipo de recurso | Nota pública |
|---|---|---|---|---|---|---|---|---|---|---|---|---|---|---|---|---|
| Biblioteca del Cogreso de los Estados Unidos | Biblioteca de la Facultad de Filosofía | Biblioteca de la Facultad de Filosofía | General | 30/10/2015 | 1a ed. | Humanidades | Educación y Humanidades | D16 .7 C47 1995 | BFF000005959 | 30/10/2015 | C:1 | Libro | ||||
| Biblioteca del Cogreso de los Estados Unidos | Biblioteca del Instituto de Investigaciones Históricas | Biblioteca del Instituto de Investigaciones Históricas | General | 11/01/2016 | 1a ed. | Humanidades | Educación y Humanidades | D16 .16 C47 1995 | IIH000013703 | 11/01/2016 | C: 1 | Libro | GENERAL |